Tilastot visalle Yleistieto #34

Klikkaa tästä pelataksesi tätä visaa!

Yleistilastot

  • Tätä visaa on pelattu 399 kertaa
  • Keskiarvotulos 5 / 15

Vastaustilastot

VinkkiVastaus% Oikein
Minkä meren rannalla on Tokio?Tyynenmeren
78%
Mikä kanava yhdistää Atlantin ja Tyynenmeren?Panaman kanava
67%
Minkä maan entinen nimi on Siam?Thaimaa
59%
Missä kaupungissa on Mika Häkkisen aukio ja patsas?Vantaalla
48%
Mikä oli huippu-urheilija Alberto Tomban laji?Alppihiihto
46%
Missä yhtyeessä Sting vaikutti ennen soolouraansa?Police
40%
Missä kaupungissa on suihkulähde nimeltään Manneken Pis ?Brysselissä
38%
Kuka maalasi "Taistelevat Metsot "?Ferdinand von Wright
36%
Missä maassa on suuri kaupunki nimeltä Manaus?Brasiliassa
31%
Mikä on suurikokoisin kissarotu?Maine Coon
27%
Mikä on erytrosyytti?Punasolu
26%
Kuka kirjoitti poliisiromaanit, joiden pääosassa on Harjunpää?Matti Yrjänä Joensuu
17%
Kuka oli vallassa Syyriassa 2017?Bashar al-Assad
13%
Minkä maan pääkaupunki on Maputo?Mozambikin
12%
Kuka voitti Nobelin kirjallisuuspalkinnon 2016?Bob Dylan
11%

Tulosjakauma

Persentiili vastausten määrän mukaan

Jokaisen tuloksen saaneiden osuus

Tuloshistoriasi

Et ole pelannut tätä visaa